Statistics for Word Chain - Australia

Click here to take the quiz!

General Stats

  • This quiz has been taken 8,657 times
  • The average score is 15 of 24

Answer Stats

Hint Answer % Correct
Eucalyptus-eating animalKoala
92%
Capital of Western AustraliaPerth
92%
The N in NSWNew
89%
Wild dogDingo
88%
The vast, remote interior regionsOutback
83%
Second largest city in Queensland:
____ Coast
Gold
79%
Also known as Ayers RockUluru
77%
Bird found on Australia's coat of armsEmu
77%
Brothers Chris and LiamHemsworth
74%
Capital of South AustraliaAdelaide
74%
Type of sheepskin bootUgg
69%
Capital of TasmaniaHobart
66%
Largest city in Northern TerritoryDarwin
65%
National gemstoneOpal
60%
A skink, monitor, or dragon, for exampleLizard
60%
Country singer married to Nicole KidmanUrban
55%
Island nation where Australia
sends refugees
Nauru
50%
Soap opera set in ErinsboroughNeighbours
49%
Egg-laying mammalEchidna
45%
Australia has 76 million of these animalsSheep
41%
Australian slang for "afternoon"Arvo
35%
Australian word for ranchStation
30%
National flower: Golden ______Wattle
29%
Word for swimsuit, in QueenslandTogs
25%

Score Distribution

Percentile by Number Answered

Percent of People with Each Score

Your Score History

You have not taken this quiz